[Event "EU-ch U18 25th"]
[Site "Porec"]
[Date "2015.09.30"]
[Round "9"]
[White "Mico, Timoleo"]
[Black "Sokac, Marko"]
[Result "1/2-1/2"]
[WhiteElo "2075"]
[BlackElo "2281"]
[PlyCount "65"]
[EventDate "2015.09.21"]
[EventType "swiss"]
[EventRounds "9"]
[EventCountry "CRO"]
[SourceTitle "EXT 2016"]
[Source "ChessBase"]
[SourceDate "2015.10.08"]
[SourceVersion "1"]
[SourceVersionDate "2015.10.08"]
[SourceQuality "1"]

1. e4 c5 2. Nf3 d6 3. d4 cxd4 4. Nxd4 Nf6 5. Nc3 a6 6. Bg5 e6 7. f4 Be7 8. Qf3 Qa5 9. 0-0-0 Bd7 10. Bd3 Nc6 11. Nb3 Qc7 12. Kb1 h6 13. Bh4 g5 14. fxg5 Ne5 15. Qe2 Nfg4 16. h3 hxg5 17. Bg3 Nf6 18. h4 gxh4 19. Bxh4 Bc6 20. Nd2 0-0-0 21. Nf3 Nfg4 22. Bg3 Bf6 23. Nxe5 Nxe5 24. Rxh8 Rxh8 25. Rf1 Rg8 26. Be1 Rg6 27. Nd1 Qd8 28. Ne3 d5 29. exd5 Nxd3 30. dxc6 Nxb2 31. cxb7+ Kxb7 32. Qf3+ Ka7 33. Qc6 1/2-1/2

[Event "EU-ch U18 25th"]
[Site "Porec"]
[Date "2015.09.29"]
[Round "8"]
[White "Petrovskis, Olegs"]
[Black "Mico, Timoleo"]
[Result "1/2-1/2"]
[WhiteElo "2127"]
[BlackElo "2075"]
[PlyCount "65"]
[EventDate "2015.09.21"]
[EventType "swiss"]
[EventRounds "9"]
[EventCountry "CRO"]
[SourceTitle "EXT 2016"]
[Source "ChessBase"]
[SourceDate "2015.10.08"]
[SourceVersion "1"]
[SourceVersionDate "2015.10.08"]
[SourceQuality "1"]

1. c4 Nf6 2. Nc3 d5 3. d4 g6 4. Nf3 Bg7 5. Bg5 Ne4 6. cxd5 Nxc3 7. bxc3 Qxd5 8. Qb3 Be6 9. Qxd5 Bxd5 10. e3 c5 11. Be2 cxd4 12. cxd4 Nc6 13. 0-0 f6 14. Bh4 Kf7 15. Rfb1 Rac8 16. Rb5 Rhd8 17. Re1 a6 18. Rb2 Na5 19. Nd2 b5 20. Nb3 Nxb3 21. axb3 Rc3 22. b4 Rdc8 23. h3 Ra3 24. Bg3 Bf8 25. Reb1 Be4 26. Re1 e6 27. f3 Bd5 28. Bf2 Bb3 29. Reb1 Ba4 30. Rd2 Rc2 31. Rxc2 Bxc2 32. Rc1 Ra2 33. Be1 1/2-1/2

[Event "EU-ch U18 25th"]
[Site "Porec"]
[Date "2015.09.27"]
[Round "6"]
[White "Lagunow, Raphael"]
[Black "Mico, Timoleo"]
[Result "1/2-1/2"]
[WhiteElo "2164"]
[BlackElo "2075"]
[PlyCount "88"]
[EventDate "2015.09.21"]
[EventType "swiss"]
[EventRounds "9"]
[EventCountry "CRO"]
[SourceTitle "EXT 2016"]
[Source "ChessBase"]
[SourceDate "2015.10.08"]
[SourceVersion "1"]
[SourceVersionDate "2015.10.08"]
[SourceQuality "1"]

1. e4 e5 2. Nf3 Nc6 3. Nc3 Nf6 4. d4 exd4 5. Nxd4 Bb4 6. Nxc6 bxc6 7. Bd3 0-0 8. 0-0 d5 9. exd5 cxd5 10. Bg5 c6 11. h3 Rb8 12. Qf3 Be7 13. b3 Be6 14. Ne2 h6 15. Bf4 Bd6 16. Rad1 Re8 17. c4 Bxf4 18. Qxf4 Qa5 19. Nd4 Rbc8 20. cxd5 cxd5 21. b4 Qb6 22. Rfe1 Bd7 23. a3 Rxe1+ 24. Rxe1 Rc3 25. Re3 Rc1+ 26. Kh2 Nh5 27. Qe5 Nf6 28. Bf5 Qc7 29. Bxd7 Nxd7 30. Qxc7 Rxc7 31. Nb5 Rb7 32. Nd6 Rb6 33. Re8+ Kh7 34. Nxf7 a5 35. bxa5 Ra6 36. Re3 Rxa5 37. Nd6 d4 38. Re7 Nf6 39. g4 d3 40. Nc4 Rc5 41. Ne3 d2 42. Re6 Rc3 43. Rd6 Ne4 44. Rd4 Nxf2 1/2-1/2

[Event "EU-ch U18 25th"]
[Site "Porec"]
[Date "2015.09.23"]
[Round "3"]
[White "Mico, Timoleo"]
[Black "Vangsgaard, Bjarke"]
[Result "1-0"]
[WhiteElo "2075"]
[BlackElo "1956"]
[PlyCount "142"]
[EventDate "2015.09.21"]
[EventType "swiss"]
[EventRounds "9"]
[EventCountry "CRO"]
[SourceTitle "EXT 2016"]
[Source "ChessBase"]
[SourceDate "2015.10.08"]
[SourceVersion "1"]
[SourceVersionDate "2015.10.08"]
[SourceQuality "1"]

1. e4 c6 2. d4 d5 3. Nc3 dxe4 4. Nxe4 Bf5 5. Ng3 Bg6 6. Nf3 Nd7 7. h4 h6 8. h5 Bh7 9. Bd3 Bxd3 10. Qxd3 e6 11. Bd2 Bd6 12. Ne4 Bc7 13. Bb4 Ndf6 14. Nc5 Nd5 15. Ba3 Nf4 16. Qf1 b6 17. Ne4 Qd5 18. Nc3 Qf5 19. 0-0-0 0-0-0 20. Qa6+ Kb8 21. Ne5 Bxe5 22. dxe5 Nd5 23. Bd6+ Rxd6 24. exd6 Qg5+ 25. Kb1 Nxc3+ 26. bxc3 Nf6 27. Qd3 Rd8 28. c4 Qc5 29. Rhf1 Nxh5 30. f4 Nf6 31. f5 e5 32. Ka1 Kb7 33. Rfe1 e4 34. Rxe4 Nxe4 35. Qxe4 Rd7 36. g4 Qa3 37. Qd4 f6 38. Kb1 Qb4+ 39. Ka1 Qa3 40. c3 Qa4 41. Kb2 c5 42. Qe4+ Qc6 43. Rd5 Ka6 44. Qe6 Kb7 45. Rd2 Ka6 46. Qe8 Kb7 47. Kb3 Qc8 48. Qe6 Qc6 49. a3 Ka6 50. Kb2 Kb7 51. Rd5 Ka6 52. Kb3 Kb7 53. Kc2 Ka6 54. Kd2 Qa4 55. Rd3 Qc6 56. Ke3 Kb7 57. Kf2 Ka6 58. Kg3 Ka5 59. Rd5 Qa4 60. Kh4 h5 61. Kxh5 Rd8 62. Rd2 Qc6 63. Rd5 Qa4 64. d7 Qxc4 65. Kg6 Qxg4+ 66. Kf7 Qh5+ 67. Ke7 Qh8 68. Qf7 a6 69. Qe8 Qh1 70. Rxc5+ bxc5 71. Qxd8+ Ka4 1-0

[Event "Pristina op"]
[Site "Pristina"]
[Date "2015.06.15"]
[Round "4"]
[White "Mico, Timoleo"]
[Black "Jamrich, Gyorgy"]
[Result "1-0"]
[WhiteElo "1938"]
[BlackElo "2226"]
[PlyCount "65"]
[EventDate "2015.06.13"]
[EventType "swiss"]
[EventRounds "9"]
[EventCountry "KOS"]
[SourceTitle "CBM 167 Extra"]
[Source "ChessBase"]
[SourceDate "2015.09.14"]
[SourceVersion "1"]
[SourceVersionDate "2015.09.14"]
[SourceQuality "1"]

1. e4 c5 2. Nf3 d6 3. d4 cxd4 4. Nxd4 Nf6 5. Nc3 a6 6. Bg5 Nbd7 7. f4 h6 8. Bh4 b5 9. a3 Bb7 10. Qf3 Qa5 11. 0-0-0 g5 12. Be1 Qc7 13. Nd5 Nxd5 14. exd5 Nf6 15. Nc6 Nxd5 16. Na5 Rc8 17. c4 Ba8 18. Rxd5 e6 19. Qc3 Bxd5 20. Qxh8 bxc4 21. Bc3 gxf4 22. Qd4 Be7 23. h4 Kd7 24. Qxf4 Rg8 25. Bxc4 Bxc4 26. Nxc4 Rxg2 27. Rd1 d5 28. Ne5+ Kc8 29. Qxf7 Qd6 30. Kb1 Bxh4 31. Rc1 Kb8 32. Nc6+ Kc8 33. Be5 1-0

[Event "Pristina op"]
[Site "Pristina"]
[Date "2015.06.14"]
[Round "2"]
[White "Mico, Timoleo"]
[Black "Podlesnik, Bogdan"]
[Result "1/2-1/2"]
[WhiteElo "1938"]
[BlackElo "2366"]
[PlyCount "117"]
[EventDate "2015.06.13"]
[EventType "swiss"]
[EventRounds "9"]
[EventCountry "KOS"]
[SourceTitle "CBM 167 Extra"]
[Source "ChessBase"]
[SourceDate "2015.09.14"]
[SourceVersion "1"]
[SourceVersionDate "2015.09.14"]
[SourceQuality "1"]

1. e4 c5 2. Nf3 Nc6 3. d4 cxd4 4. Nxd4 Nf6 5. Nc3 g6 6. Be3 Bg7 7. Be2 0-0 8. 0-0 d5 9. exd5 Nxd5 10. Nxc6 bxc6 11. Nxd5 cxd5 12. Bf3 e6 13. Bd4 Rb8 14. Re1 Bxd4 15. Qxd4 Qb6 16. Qxb6 Rxb6 17. b3 Ba6 18. Be2 Rc8 19. Rac1 Kf8 20. f3 Rc3 21. Bd1 Ke7 22. Kf2 Kd6 23. Re3 d4 24. Rxc3 dxc3 25. Be2 Kc5 26. a3 Rd6 27. b4+ Kb6 28. Rd1 Rxd1 29. Bxd1 e5 30. a4 Bc4 31. Be2 Bb3 32. a5+ Kc6 33. Bd3 Ba4 34. g4 h6 35. Ke3 Bb5 36. Ke4 f6 37. h4 f5+ 38. gxf5 gxf5+ 39. Ke3 Ba4 40. h5 f4+ 41. Ke4 Kd6 42. b5 a6 43. b6 Bc6+ 44. Kf5 Bxf3 45. Bc4 Bxh5 46. b7 Kc7 47. Kxe5 f3 48. Kd4 f2 49. Bd3 Kxb7 50. Kxc3 Bf3 51. Bf1 Bc6 52. Kd4 Ba4 53. c3 Bb5 54. c4 Bd7 55. Ke3 Kc6 56. c5 Bc8 57. Kxf2 Kxc5 58. Kg3 Kb4 59. Kh4 1/2-1/2

[Event "EU-ch U16 24th"]
[Site "Batumi"]
[Date "2014.10.23"]
[Round "5"]
[White "Mico, Timoleo"]
[Black "Vangsgaard, Bjarke"]
[Result "1-0"]
[WhiteElo "1809"]
[BlackElo "1875"]
[PlyCount "57"]
[EventDate "2014.10.19"]
[EventType "swiss"]
[EventRounds "9"]
[EventCountry "GEO"]
[SourceTitle "EXT 2015"]
[Source "ChessBase"]
[SourceDate "2014.11.20"]
[SourceVersion "1"]
[SourceVersionDate "2014.11.20"]
[SourceQuality "1"]

1. e4 d5 2. exd5 Qxd5 3. Nc3 Qa5 4. d4 Nf6 5. Nf3 Bf5 6. Bc4 c6 7. Bd2 Qc7 8. Qe2 e6 9. 0-0-0 b5 10. Bb3 a5 11. Nh4 Bg6 12. Nxg6 hxg6 13. a4 b4 14. Ne4 Nbd7 15. Ng5 Nd5 16. Rhe1 N7f6 17. h3 Qd6 18. Qf3 Be7 19. Re5 Rf8 20. Rde1 Nd7 21. R1e2 N7f6 22. g3 Ra7 23. Qd3 Kd7 24. f4 Nh5 25. Nxf7 Rxf7 26. Qxg6 Nhxf4 27. gxf4 Rf6 28. Qxg7 Nxf4 29. Bxf4 1-0

[Event "EU-ch U16 24th"]
[Site "Batumi"]
[Date "2014.10.21"]
[Round "3"]
[White "Mico, Timoleo"]
[Black "Nemsadze, Levan"]
[Result "1-0"]
[WhiteElo "1809"]
[BlackElo "1685"]
[PlyCount "55"]
[EventDate "2014.10.19"]
[EventType "swiss"]
[EventRounds "9"]
[EventCountry "GEO"]
[SourceTitle "EXT 2015"]
[Source "ChessBase"]
[SourceDate "2014.11.20"]
[SourceVersion "1"]
[SourceVersionDate "2014.11.20"]
[SourceQuality "1"]

1. e4 e6 2. d4 d5 3. Nd2 Nf6 4. e5 Nfd7 5. Bd3 c5 6. c3 Nc6 7. Ne2 Qb6 8. Nf3 cxd4 9. cxd4 Bb4+ 10. Kf1 f6 11. exf6 Nxf6 12. h3 Bd6 13. g3 Bd7 14. Kg2 0-0 15. Re1 e5 16. dxe5 Nxe5 17. Be3 Qc7 18. Nxe5 Bxe5 19. Nd4 Rad8 20. Qb3 Kh8 21. Rac1 Qb8 22. Nf3 Bd6 23. Bd4 Ne4 24. Bxe4 dxe4 25. Ng5 Bc6 26. Nf7+ Rxf7 27. Qxf7 Rd7 28. Bxg7# 1-0

[Event "Kukes op"]
[Site "Kukes"]
[Date "2014.06.14"]
[Round "9"]
[White "Sahitaj, Naim"]
[Black "Mico, Timoleo"]
[Result "1-0"]
[WhiteElo "2252"]
[BlackElo "1738"]
[PlyCount "85"]
[EventDate "2014.06.07"]
[EventType "swiss"]
[EventRounds "9"]
[EventCountry "ALB"]
[SourceTitle "EXT 2016"]
[Source "ChessBase"]
[SourceDate "2015.10.08"]
[SourceVersion "1"]
[SourceVersionDate "2015.10.08"]
[SourceQuality "1"]

1. Nf3 c5 2. b3 d5 3. e3 Nf6 4. Bb2 e6 5. d4 Bd6 6. Nbd2 0-0 7. Bd3 cxd4 8. exd4 Nc6 9. a3 Nh5 10. g3 f5 11. Ne5 Nf6 12. f4 Bxe5 13. dxe5 Ne4 14. Nf3 Qb6 15. Qe2 Nc5 16. Rd1 Bd7 17. Qf2 Rac8 18. 0-0 h6 19. Bc1 Nxd3 20. Qxb6 axb6 21. Rxd3 Ne7 22. Rf2 Kf7 23. Nd4 Rc7 24. Bd2 b5 25. Bb4 Rfc8 26. Bd6 Rc3 27. Rxc3 Rxc3 28. Kf1 Ke8 29. Ke2 b6 30. Kd2 Rc8 31. Re2 g6 32. Re3 Kd8 33. Rc3 Ng8 34. Rxc8+ Kxc8 35. Kc3 h5 36. Bf8 Kd8 37. Kb4 Ke8 38. Bd6 Nh6 39. Bc7 Ng4 40. h4 Ne3 41. Bxb6 Nf1 42. Ne2 Nd2 43. Bf2 1-0

[Event "Kukes op"]
[Site "Kukes"]
[Date "2014.06.13"]
[Round "8"]
[White "Kohlweyer, Bernd"]
[Black "Mico, Timoleo"]
[Result "1-0"]
[WhiteElo "2422"]
[BlackElo "1738"]
[PlyCount "43"]
[EventDate "2014.06.07"]
[EventType "swiss"]
[EventRounds "9"]
[EventCountry "ALB"]
[SourceTitle "EXT 2016"]
[Source "ChessBase"]
[SourceDate "2015.10.08"]
[SourceVersion "1"]
[SourceVersionDate "2015.10.08"]
[SourceQuality "1"]

1. d4 Nf6 2. c4 e6 3. g3 d5 4. Nf3 Be7 5. Bg2 0-0 6. 0-0 dxc4 7. Ne5 Nbd7 8. Nxc4 c5 9. dxc5 Nxc5 10. Nc3 Nfd7 11. b4 Na6 12. a3 Bf6 13. Qb3 Nc7 14. Bb2 Qe7 15. Rfd1 Rb8 16. Rac1 b6 17. Nd6 Be5 18. Nxc8 Rfxc8 19. Qa4 Nf8 20. Qxa7 Nd5 21. Qxe7 Nxe7 22. Nd5 1-0